Normal view
MARC view
- Ahumada, Manuel,
Entry Nombre Personal
001 - NUMERO DE CONTROL
- campo de control: 43846
003 - IDENTIFICADOR DE NUMERO DE CONTROL
- campo de control: UPN
005 - FECHA Y HORA DE LA ÜLTIMA TRANSACCIÓN
- campo de control: 20220223104523.0
008 - DATOS DE LONGITUD FIJA
- campo de control de longitud fija: 220223|| aca||aabn | a|a d
040 ## - FUENTE DE CATALOGACIÓN
- Agencia original de catalogación: UPN
- Lenguaje de catalogación: spa
- Agencia de transcripción: UPN
100 1# - ENCABEZAMIENTO - NOMBRE PERSONAL
- Nombre personal: Ahumada, Manuel,
- Fechas asociadas con el nombre: 1956-2014
- Término de relación: tr.
